000 00359nam a22001577a 4500
003 MPLRDC
005 20220104165616.0
008 210129b ||||| |||| 00| 0 eng d
082 _a380.69 BRU
100 _aA. FRASER-BRUNNER
245 _aTHE HOME AQUARIUM
_c
260 _a
_bARROW BOOKS
_c1964
300 _b
650 _a
942 _cBK
_o380.69 BRU
999 _c57522
_d57512